Arithmetique : a l'usage des eleves de la classe de mathematiques et des candidats au Baccalaureat (2e partie)
Saved in:
| Main Author: | |
|---|---|
| Format: | Book |
| Language: | English |
| Published: |
Paris :
Librairie Vuibert,
1947
|
| Edition: | 4e ed. |
| Subjects: | |
| Tags: |
Add Tag
No Tags, Be the first to tag this record!
|
MARC
| LEADER | 00000cam a2200000 i 4500 | ||
|---|---|---|---|
| 001 | 1/7543 | ||
| 008 | 100518s1947 eng d | ||
| 035 | |l 10107899 | ||
| 040 | |a GR-MY-UA |b gre |e aacr | ||
| 041 | 0 | |a eng | |
| 082 | 0 | |a 513.12 |2 (22) | |
| 100 | 1 | |a Benoit, A. | |
| 245 | 1 | 0 | |a Arithmetique : |b a l'usage des eleves de la classe de mathematiques et des candidats au Baccalaureat (2e partie) / |c A. Benoit |
| 250 | |a 4e ed. | ||
| 260 | |a Paris : |b Librairie Vuibert, |c 1947 | ||
| 300 | |a 88 σ.; |b εικ.; |c 15 εκ. | ||
| 650 | 0 | 0 | |a Arithmetic. |
| 650 | 0 | 0 | |a Metric system. |
| 852 | |a INST |b SAMOS |c MAG |e 20100518 |h 513.12 BEN |p 005300031873 |q 005300031873 |t BK |y 0 | ||
| 901 | |a BIBL3-2010-2 | ||
| 909 | |a Σ |b 162327 | ||
| 970 | |a ΣΙΤΖΙΜΗ |b ΓΙΑΣΕΜΗ |z 2010/05/18 | ||